| 000 | 00470nam a22001817a 4500 | ||
|---|---|---|---|
| 003 | NUST - PNEC | ||
| 005 | 20170116181142.0 | ||
| 008 | 151008b xxu||||| |||| 00| 0 eng d | ||
| 020 | _a0333514785 | ||
| 040 | _cLIBRARY | ||
| 082 | _a958.1044 URB | ||
| 100 |
_914792 _a Urban, Mark |
||
| 245 |
_aWar in Afghanistan _cMark Urban |
||
| 250 | _a2nd ed. | ||
| 260 | _c1990 | ||
| 650 |
_911668 _aSoviet Occupation of Afghanistan (1979-1989) _xGeneral |
||
| 942 |
_2ddc _cBK |
||
| 999 |
_c70566 _d70566 |
||